000 00322nam a22001337a 4500
008 180914b xxu||||| |||| 00| 0 eng d
020 _a9781590707524
041 _aeng
080 _214 ED
_a721
100 _a41
101 _aNDE
245 _aAutocad And Ots Applications Basic
_cShumaker.T.M
942 _2udc
_cBK
999 _c47820
_d47820